Collectio actorum atque allegatorum quibus ossa sacra Ticini in confessione S. Petri in coelo aureo anno 1695,...

Detalles Bibliográficos
Formato: Libro
Publicado: Venecia 1729
Materias:
Colección:Banco de datos
Acervo:Biblioteca del Convento de San Pablo. Yuririahupándaro. Guanajuato
Descripción Física:1a. parte
Tema general:Apologética
Notas:Buena. No identificada 1. 3I3, 1.
LEADER 00713nam a22001930004500
035 |a 38681 
036 |a 4322 
245 1 0 |a Collectio actorum atque allegatorum quibus ossa sacra Ticini in confessione S. Petri in coelo aureo anno 1695,... 
260 |a Venecia  |b Sebastián Coleti imp.  |c 1729 
300 |a 1a. parte 
500 |a Buena. No identificada 1. 3I3, 1. 
650 1 0 |a Apologética 
949 |a CRG-CY 
959 |a Ex convento de San Pablo, Museo Regional de Yuririahpúndaro, Guanajuato  |b CCC9 
960 |a Convento San Pablo Yuririahpúndaro, Guanajuato  |b DD86 
961 |a Agustina  |b OA 
942 |c CRG-CY 
943 |g Biblioteca del Convento de San Pablo. Yuririahupándaro. Guanajuato 
999 |c 959347  |d 959347